MARC

LEADER 00000nam0a2200000 4500
001 297590
005 20250211063208.0
035 |a (RuTPU)RU\TPU\book\322723 
090 |a 297590 
100 |a 20150609d1983 k y0rusy50 ca 
101 0 |a rus 
102 |a RU 
105 |a y z 001zy 
200 1 |a Автоматизация проектирования радиоэлектронной и электронно-вычислительной аппаратуры  |e тематический сборник  |f Московский энергетический институт (МЭИ) ; под ред. Э. Ш. Гайфуллина 
210 |a Москва  |c Изд-во МЭИ  |d 1983 
215 |a 164 с. 
225 1 |a Труды Московского энергетического института (МЭИ)  |v Вып. 614 
320 |a Библиография в конце статей 
500 1 0 |a Труды Московского энергетического института  |9 88841 
606 |a Радиоэлектронная аппаратура  |x Автоматизация конструирования  |2 stltpush  |3 (RuTPU)RU\TPU\subj\23424  |9 48024 
610 1 |a автоматизированное проектирование 
610 1 |a базовое обеспечение 
610 1 |a электронно-вычислительная аппаратура 
610 1 |a алгоритмы 
610 1 |a ЭВМ 
610 1 |a САПР 
610 1 |a учебный процесс 
610 1 |a применение 
675 |a 621.396.6.001.66  |v 3 
702 1 |a Гайфуллин  |b Э. Ш.  |4 340 
712 0 2 |a Московский энергетический институт (МЭИ)  |c (1930-1992)  |3 (RuTPU)RU\TPU\col\20092 
801 1 |a RU  |b 63413507  |c 20150609 
801 2 |a RU  |b 63413507  |c 20180417  |g RCR 
942 |c BK